000 00318nam a22001457a 4500
008 221118b ||||| |||| 00| 0 eng d
020 _a0674587278
041 _aeng
080 _a618
082 _a618NOO
100 _a15.2
101 _aGJINE
245 _aTHE MORALITY OF ABORTION
_cNOONAN T.J
942 _2udc
_cBK
999 _c58960
_d58960